[Event "Scarborough CC Howard Ridout U1800"]
[Site "Toronto CAN"]
[Date "2013.09.12"]
[Round "1"]
[White "Kurkowski, Ken"]
[Black "Li, Kristen"]
[Result "1/2-1/2"]
[WhiteElo "1541"]
[BlackElo "1655"]
[PlyCount "52"]
[GameId "2160767909229480"]
[EventDate "2013.09.12"]
[EventType "swiss"]
[EventRounds "8"]
[EventCountry "CAN"]

1. d4 Nf6 2. Nf3 g6 3. Nc3 Bg7 4. e4 d6 5. Be3 O-O 6. Qd2 a6 7. Bh6 b5 8. Bd3 Nbd7 9. h4 Re8 10. O-O-O Bh8 11. Rdg1 c5 12. g4 cxd4 13. Nxd4 Ne5 14. f3 Qb6 15. Be3 Qa5 16. a3 Bd7 17. h5 Nxd3+ 18. Qxd3 Rec8 19. hxg6 fxg6 20. Nd5 Nxd5 21. exd5 Qc7 22. Qe4 Bxd4 23. Bxd4 Be8 24. Rxh7 Qxc2+ 25. Qxc2 Rxc2+ 26. Kxc2 Kxh7 1/2-1/2

[Event "Scarborough CC Howard Ridout U1800"]
[Site "Toronto CAN"]
[Date "2013.09.12"]
[Round "1"]
[White "Smith, Maurice"]
[Black "Armstrong, Robert J"]
[Result "0-1"]
[WhiteElo "1514"]
[BlackElo "1556"]
[PlyCount "76"]
[GameId "2160767909229481"]
[EventDate "2013.09.12"]
[EventType "swiss"]
[EventRounds "8"]
[EventCountry "CAN"]

1. e4 g6 2. d4 Bg7 3. Nc3 d6 4. Nf3 Nf6 5. Be2 O-O 6. O-O Nc6 7. h3 e5 8. dxe5 Nxe5 9. Nxe5 dxe5 10. Bg5 Qxd1 11. Raxd1 h6 12. Be3 a6 13. f3 Be6 14. a3 Nh5 15. Rfe1 Kh7 16. Bf2 Nf4 17. Bf1 Rad8 18. Rxd8 Rxd8 19. Rd1 Rxd1 20. Nxd1 f5 21. Ne3 b5 22. c4 c6 23. cxb5 cxb5 24. g3 Nh5 25. Kh2 f4 26. Nc2 Nxg3 27. Bxg3 fxg3+ 28. Kxg3 Bf8 29. Ne3 Kg7 30. a4 bxa4 31. Bxa6 Bc5 32. Nd1 Bd4 33. Be2 Bxb2 34. Bd3 a3 35. Bb1 Bd4 36. Nf2 Bxf2+ 37. Kxf2 a2 38. Bxa2 Bxa2 0-1

[Event "Scarborough CC Jack Frost"]
[Site "Toronto CAN"]
[Date "2013.01.10"]
[Round "1"]
[White "Paterson, Jim"]
[Black "Southam, David"]
[Result "0-1"]
[WhiteElo "1771"]
[BlackElo "2216"]
[PlyCount "101"]
[GameId "2160767909382156"]
[EventDate "2013.01.10"]
[EventType "swiss"]
[EventRounds "7"]
[EventCountry "CAN"]

1. e4 e6 2. d4 d5 3. Nd2 Be7 4. c3 Nf6 5. Bd3 c5 6. e5 Nfd7 7. Ne2 b6 8. O-O Ba6 9. Bxa6 Nxa6 10. Qa4 Nc7 11. dxc5 bxc5 12. Nf3 O-O 13. Qg4 f5 14. Qh5 Qe8 15. Qxe8 Rfxe8 16. h4 a5 17. b3 h6 18. h5 Reb8 19. Bd2 Nb6 20. Rfb1 Bf8 21. g3 Rb7 22. Ne1 Rab8 23. Rc1 a4 24. Nd3 c4 25. bxc4 Nxc4 26. Be1 Kf7 27. Nd4 Rb6 28. Nc2 Nb5 29. Kf1 Na7 30. Ke2 Nc6 31. f4 Nb2 32. Ndb4 Nc4 33. Nxc6 Rxc6 34. Rab1 Rcb6 35. Rxb6 Rxb6 36. Kd3 Rb2 37. Ra1 Bc5 38. a3 Rb3 39. Nd4 Bxd4 40. Kxd4 Rxa3 41. Rxa3 Nxa3 42. Kd3 Nc4 43. Kc2 g6 44. Bf2 gxh5 45. Bc5 h4 46. gxh4 Kg6 47. Bf2 Kh5 48. Bg3 Kg4 49. Bh2 Kxh4 50. Bg1 Kg3 51. Bh2+ 0-1

[Event "Scarborough CC Jack Frost"]
[Site "Toronto CAN"]
[Date "2013.01.10"]
[Round "1"]
[White "Verde, Pino"]
[Black "Picana, Andrew"]
[Result "0-1"]
[WhiteElo "1749"]
[BlackElo "2150"]
[PlyCount "64"]
[GameId "2160767909382157"]
[EventDate "2013.01.10"]
[EventType "swiss"]
[EventRounds "7"]
[EventCountry "CAN"]

1. Nf3 Nf6 2. g3 g6 3. Bg2 Bg7 4. O-O O-O 5. d3 d6 6. Nbd2 c6 7. c3 Qc7 8. e4 Nbd7 9. Re1 a5 10. a4 b6 11. Qe2 Ba6 12. Ra3 e5 13. b4 Rfe8 14. Nb3 c5 15. b5 Bb7 16. Nbd2 Rad8 17. Nc4 h6 18. h4 d5 19. Nfxe5 Nxe5 20. Nxe5 Qxe5 21. Bf4 Qe7 22. Ra2 dxe4 23. c4 Nh5 24. Bc1 f5 25. Bb2 Rxd3 26. Bxg7 Qxg7 27. Kh2 Red8 28. f3 Qc7 29. Qf2 e3 30. Rxe3 Rxe3 31. Qxe3 Qxg3+ 32. Kg1 Rd1+ 0-1

[Event "Scarborough CC Jack Frost"]
[Site "Toronto CAN"]
[Date "2013.01.17"]
[Round "2"]
[White "Thanabalachandran, Kajan"]
[Black "Sharpe, Sam"]
[Result "0-1"]
[WhiteElo "1743"]
[BlackElo "2184"]
[PlyCount "62"]
[GameId "2160767909382158"]
[EventDate "2013.01.10"]
[EventType "swiss"]
[EventRounds "7"]
[EventCountry "CAN"]

1. e4 e5 2. Nf3 Nc6 3. Bb5 a6 4. Ba4 Nf6 5. O-O Be7 6. Re1 b5 7. Bb3 O-O 8. a4 Bb7 9. d3 d6 10. Nbd2 Nd4 11. Ba2 c5 12. Nf1 Qc7 13. Ne3 Rac8 14. Nd5 Nxd5 15. exd5 Kh8 16. c3 Nxf3+ 17. Qxf3 f5 18. Bd2 Rf7 19. Rac1 bxa4 20. Re2 Qd7 21. Rce1 Rcf8 22. Qe3 f4 23. Qf3 g5 24. h3 Rg7 25. d4 Bf6 26. dxe5 Bxe5 27. Bb1 Qf7 28. Be4 h5 29. Qd3 g4 30. hxg4 hxg4 31. Qc2 f3 0-1

[Event "Scarborough CC Jack Frost"]
[Site "Toronto CAN"]
[Date "2013.01.25"]
[Round "3"]
[White "Sharpe, Sam"]
[Black "Southam, David"]
[Result "0-1"]
[WhiteElo "2184"]
[BlackElo "2216"]
[PlyCount "154"]
[GameId "2160767909382159"]
[EventDate "2013.01.10"]
[EventType "swiss"]
[EventRounds "7"]
[EventCountry "CAN"]

1. e4 e6 2. d4 d5 3. e5 c5 4. c3 Nc6 5. Nf3 Bd7 6. a3 c4 7. Bf4 Na5 8. Nbd2 Bc6 9. h4 Qd7 10. Be2 Ba4 11. Qc1 Ne7 12. h5 h6 13. Nh4 O-O-O 14. Bg3 Kb8 15. O-O Ka8 16. f4 Nf5 17. Nxf5 exf5 18. Bh4 Be7 19. Bxe7 Qxe7 20. Bd1 Bd7 21. g3 Rhg8 22. Bf3 Be6 23. Kf2 g5 24. hxg6 fxg6 25. Rh1 h5 26. Qc2 Rc8 27. Bd1 Nc6 28. Nf3 Nd8 29. Qd2 Nf7 30. Ng5 Nxg5 31. fxg5 Rgf8 32. Kg2 Rf7 33. Bc2 Rb8 34. Rh4 Qd8 35. Rhh1 Qf8 36. Kf3 b5 37. Kf4 Rfb7 38. Bd1 a5 39. Bf3 Ka7 40. Qg2 Qd8 41. Rhb1 Rc7 42. Ra2 Rb6 43. Rba1 Kb7 44. Qd2 Qe7 45. Qg2 Kc6 46. Qe2 Kb7 47. Qg2 Qd7 48. Qe2 Kc8 49. Qg2 Kd8 50. Qe2 Rcb7 51. Qd1 Rc7 52. Qe2 Ra7 53. Qg2 Qc6 54. Qe2 Rba6 55. Qd2 Qb6 56. Qg2 Qb7 57. Qd2 Rb6 58. Qg2 Raa6 59. Qe2 b4 60. axb4 axb4 61. Rxa6 Rxa6 62. Rxa6 Qxa6 63. cxb4 Qa4 64. Qd2 Kc7 65. Bd1 Qa1 66. Ke3 Kb6 67. Ke2 f4 68. gxf4 Bg4+ 69. Ke1 Bxd1 70. Qxd1 Qxb2 71. Qa4 c3 72. Qa5+ Kc6 73. Qc5+ Kb7 74. Qxd5+ Kb8 75. Qb5+ Kc8 76. Qc6+ Kb8 77. Qe8+ Kb7 0-1

[Event "Scarborough CC Jack Frost"]
[Site "Toronto CAN"]
[Date "2013.01.31"]
[Round "4"]
[White "Laughlin, Steve"]
[Black "Sharpe, Sam"]
[Result "0-1"]
[WhiteElo "1971"]
[BlackElo "2184"]
[PlyCount "74"]
[GameId "2160767909382160"]
[EventDate "2013.01.10"]
[EventType "swiss"]
[EventRounds "7"]
[EventCountry "CAN"]

1. e4 e5 2. Nf3 Nc6 3. Bc4 Bc5 4. b4 Bxb4 5. c3 Ba5 6. d4 exd4 7. O-O Nge7 8. Ng5 Ne5 9. Bxf7+ Nxf7 10. Nxf7 Kxf7 11. Qh5+ g6 12. Qxa5 c6 13. Qe5 d6 14. Qf4+ Ke8 15. cxd4 Rf8 16. Qh4 Rf7 17. Nc3 Kf8 18. Bh6+ Kg8 19. Rad1 Qa5 20. Bg5 Qxc3 21. Bxe7 d5 22. exd5 cxd5 23. Rfe1 Bf5 24. Re3 Qc2 25. Rde1 Re8 26. g4 Be4 27. Bd6 Qc6 28. Be5 Rc8 29. Qh6 Qd7 30. Qg5 Rc2 31. Bg3 Kg7 32. h4 h6 33. Qe5+ Kh7 34. h5 Qxg4 35. Rxe4 dxe4 36. Rxe4 Rc1+ 37. Kg2 Qf3+ 0-1

[Event "Scarborough CC Jack Frost U1800"]
[Site "Toronto CAN"]
[Date "2013.01.10"]
[Round "1"]
[White "Dattani, Dinesh"]
[Black "Armstrong, Robert J"]
[Result "0-1"]
[WhiteElo "1426"]
[BlackElo "1618"]
[PlyCount "88"]
[GameId "2160767909382161"]
[EventDate "2013.01.10"]
[EventType "swiss"]
[EventRounds "7"]
[EventCountry "CAN"]

1. g3 f5 2. d4 Nf6 3. Nc3 e6 4. Bg2 Nc6 5. Nh3 Bb4 6. O-O O-O 7. Nb5 a6 8. Nc3 b5 9. Nf4 Bb7 10. d5 exd5 11. Ncxd5 Be7 12. c3 Kh8 13. Ne3 Ne4 14. Nxf5 Nxf2 15. Rxf2 Rxf5 16. Ng6+ hxg6 17. Be3 Na5 18. Rxf5 gxf5 19. Bxb7 Nxb7 20. Qd5 Nd6 21. Rf1 Qg8 22. Qf3 Rf8 23. b3 Bf6 24. Bf4 Qe6 25. Qh5+ Kg8 26. Bxd6 Qxd6 27. Rxf5 Bxc3 28. Rg5 Bd4+ 29. Kg2 Rf2+ 30. Kh3 Qe6+ 31. Rg4 Rf5 32. Qg6 Qxg6 33. Rxg6 a5 34. Rg4 Bc5 35. Re4 Rd5 36. a4 bxa4 37. bxa4 Rd4 38. Re5 Bb6 39. e4 Rxa4 40. Rd5 Rd4 41. Re5 Kf7 42. Kg4 d6 43. Rf5+ Ke6 44. Rg5 a4 0-1

[Event "Scarborough CC Jack Frost U1800"]
[Site "Toronto CAN"]
[Date "2013.01.10"]
[Round "1"]
[White "Liang, Phillip"]
[Black "Thornton, Bill"]
[Result "1-0"]
[WhiteElo "1636"]
[BlackElo "1498"]
[PlyCount "93"]
[GameId "2160767909382162"]
[EventDate "2013.01.10"]
[EventType "swiss"]
[EventRounds "7"]
[EventCountry "CAN"]

1. e4 e5 2. Nc3 Nc6 3. g3 Bc5 4. Bg2 Nf6 5. Nge2 d6 6. h3 a6 7. d3 h6 8. O-O O-O 9. Nd5 Nd4 10. Nxd4 Bxd4 11. c3 Ba7 12. d4 exd4 13. cxd4 c6 14. Nxf6+ Qxf6 15. Be3 Re8 16. Qd2 Bd7 17. Rac1 Rad8 18. Qb4 b5 19. e5 Qg6 20. Qxd6 Qxd6 21. exd6 Rc8 22. Rfd1 f6 23. d5 c5 24. b4 Rxe3 25. fxe3 c4 26. Kf2 Re8 27. Rc3 f5 28. a3 g5 29. Re1 f4 30. gxf4 gxf4 31. Kf3 fxe3 32. Bf1 Bd4 33. Rc2 Bf5 34. Rg2+ Kh7 35. Rg3 c3 36. Be2 c2 37. Kf4 Be4 38. d7 Rd8 39. Kxe4 Bb2 40. Kxe3 c1=Q+ 41. Rxc1 Bxc1+ 42. Kd4 Rxd7 43. Kc5 Re7 44. Bd3+ Kh8 45. d6 Be3+ 46. Kc6 Re5 47. d7 1-0

[Event "Scarborough CC Jack Frost U1800"]
[Site "Toronto CAN"]
[Date "2013.01.17"]
[Round "2"]
[White "Armstrong, Robert J"]
[Black "Pantazi, Emanuel"]
[Result "0-1"]
[WhiteElo "1618"]
[BlackElo "1442"]
[PlyCount "86"]
[GameId "2160767909382163"]
[EventDate "2013.01.10"]
[EventType "swiss"]
[EventRounds "7"]
[EventCountry "CAN"]

1. g3 g6 2. Bg2 Bg7 3. c4 d6 4. Qb3 Nc6 5. Nc3 Nf6 6. d3 O-O 7. Bg5 Nd4 8. Qd1 Bd7 9. h4 h5 10. Qd2 Bc6 11. Bxc6 bxc6 12. Nf3 Nxf3+ 13. exf3 d5 14. c5 Qd7 15. Qf4 e5 16. Qd2 Qf5 17. Qe2 Rfe8 18. O-O-O e4 19. fxe4 dxe4 20. d4 Nd5 21. g4 Nxc3 22. bxc3 hxg4 23. Rdg1 Rab8 24. Be3 Qf3 25. Qxf3 gxf3 26. h5 Re6 27. Rg4 Rbe8 28. Rhg1 Kh7 29. Rh4 g5 30. Bxg5 Rg8 31. Rhg4 f5 32. R4g3 Bh6 33. Bxh6 Rxg3 34. Rxg3 Kxh6 35. Kd2 f4 36. Rg4 e3+ 37. Ke1 Rf6 38. fxe3 fxe3 39. Re4 f2+ 40. Kf1 Rf3 41. Re5 Rg3 42. Ke2 Rg1 43. Rf5 Re1+ 0-1

[Event "Scarborough CC Jack Frost U1800"]
[Site "Toronto CAN"]
[Date "2013.01.17"]
[Round "2"]
[White "Mesiti, Silvano"]
[Black "Dattani, Dinesh"]
[Result "1-0"]
[WhiteElo "1585"]
[BlackElo "1426"]
[PlyCount "77"]
[GameId "2160767909382164"]
[EventDate "2013.01.10"]
[EventType "swiss"]
[EventRounds "7"]
[EventCountry "CAN"]

1. e4 e5 2. Nf3 Nc6 3. d4 exd4 4. Nxd4 Nf6 5. Nxc6 bxc6 6. Bd3 Be7 7. O-O d6 8. b3 O-O 9. Bb2 Nd7 10. Nc3 Ne5 11. Be2 Be6 12. f4 Bf6 13. fxe5 Bxe5 14. Qe1 Qg5 15. Bc1 Qg6 16. Bf3 h5 17. Bd2 f5 18. Rd1 f4 19. Ne2 Qg5 20. Bc3 h4 21. Bxe5 dxe5 22. Kh1 Rf6 23. h3 Raf8 24. Qa5 Bf7 25. Qxa7 Bh5 26. Qf2 Rg6 27. Rd2 Ra8 28. a4 Ra5 29. Rg1 Rd6 30. Rxd6 cxd6 31. Bxh5 Qxh5 32. Qf3 Qg6 33. Rd1 d5 34. exd5 Qxc2 35. Rc1 Qd2 36. dxc6 Ra8 37. c7 Rc8 38. Qg4 Rf8 39. c8=Q 1-0

[Event "Scarborough CC Jack Frost U1800"]
[Site "Toronto CAN"]
[Date "2013.01.17"]
[Round "2"]
[White "Super, Russell"]
[Black "Morra, Lui"]
[Result "1-0"]
[WhiteElo "1392"]
[BlackElo "1545"]
[PlyCount "77"]
[GameId "2160767909382165"]
[EventDate "2013.01.10"]
[EventType "swiss"]
[EventRounds "7"]
[EventCountry "CAN"]

1. e4 c5 2. Nf3 e6 3. d4 cxd4 4. Nxd4 a6 5. c4 Nf6 6. Nc3 Qc7 7. a3 Be7 8. Be2 O-O 9. O-O b6 10. f4 d6 11. Be3 Bb7 12. Qc2 Nbd7 13. b4 Rac8 14. Nb3 d5 15. Nd2 dxc4 16. Rac1 b5 17. Bf3 Bc6 18. e5 Ne8 19. Bxc6 Qxc6 20. Nde4 a5 21. Rb1 axb4 22. axb4 f6 23. exf6 Nexf6 24. Ng5 Nb6 25. Bd4 Nbd7 26. Nce4 Nxe4 27. Nxe4 h6 28. Qe2 Ra8 29. Qg4 e5 30. fxe5 Rxf1+ 31. Rxf1 Rf8 32. e6 g5 33. exd7 Qg6 34. Rxf8+ Kxf8 35. Kh1 h5 36. Qf3+ Kg8 37. Bf6 g4 38. Qf4 Bxf6 39. Qxf6 1-0

[Event "Scarborough CC Jack Frost U1800"]
[Site "Toronto CAN"]
[Date "2013.01.24"]
[Round "3"]
[White "Dattani, Dinesh"]
[Black "Cai, Jason"]
[Result "1-0"]
[WhiteElo "1426"]
[BlackElo "1508"]
[PlyCount "103"]
[GameId "2160767909382166"]
[EventDate "2013.01.10"]
[EventType "swiss"]
[EventRounds "7"]
[EventCountry "CAN"]

1. e4 d6 2. d4 Nf6 3. Nc3 g6 4. Nf3 Bg7 5. Bc4 O-O 6. h4 Bg4 7. Qd3 Nc6 8. a3 Nd7 9. Be3 Bxf3 10. gxf3 e5 11. Ne2 exd4 12. Nxd4 Nce5 13. Qb3 Nc5 14. Qa2 c6 15. O-O-O b5 16. Bb3 Qc7 17. h5 a5 18. hxg6 hxg6 19. f4 Ng4 20. Ne6 Nxe6 21. Bxe6 Nxe3 22. fxe3 Qe7 23. Bg4 Qxe4 24. Qb3 Rfe8 25. Rh3 a4 26. Qd3 Qxd3 27. Rxd3 Rad8 28. Bf3 d5 29. e4 dxe4 30. Rxd8 Rxd8 31. Bxe4 Rd6 32. b3 Re6 33. Bd3 Bc3 34. Rh1 axb3 35. cxb3 Re1+ 36. Rxe1 Bxe1 37. Be4 c5 38. Bc6 b4 39. a4 Bg3 40. f5 gxf5 41. Kc2 Kg7 42. Kd3 Kf6 43. Bd5 Ke5 44. Kc4 Bf2 45. a5 Bd4 46. a6 f6 47. a7 Kf4 48. a8=Q Ke3 49. Qe8+ Kf4 50. Qh5 Be3 51. Be6 Kg3 52. Qxf5 1-0

[Event "Scarborough CC Jack Frost U1800"]
[Site "Toronto CAN"]
[Date "2013.01.24"]
[Round "3"]
[White "Wang, Constance"]
[Black "Armstrong, Robert J"]
[Result "1/2-1/2"]
[WhiteElo "1412"]
[BlackElo "1618"]
[PlyCount "51"]
[GameId "2160767909382167"]
[EventDate "2013.01.10"]
[EventType "swiss"]
[EventRounds "7"]
[EventCountry "CAN"]

1. e4 g6 2. d4 Bg7 3. Nf3 d6 4. Bd3 Nf6 5. O-O O-O 6. Be3 Nc6 7. c3 e5 8. d5 Ne7 9. b4 Nd7 10. c4 f5 11. Ng5 Nf6 12. Nc3 h6 13. Nf3 f4 14. Bd2 Bg4 15. c5 g5 16. h3 Bh5 17. cxd6 cxd6 18. Rc1 a6 19. g4 fxg3 20. fxg3 g4 21. hxg4 Bxg4 22. Be3 Bh3 23. Re1 Bg4 24. Be2 Ng6 25. Kf2 b5 26. Ng1 1/2-1/2

[Event "Scarborough CC Jack Frost U1800"]
[Site "Toronto CAN"]
[Date "2013.01.31"]
[Round "4"]
[White "Armstrong, Robert J"]
[Black "Graham, John"]
[Result "1-0"]
[WhiteElo "1618"]
[BlackElo "1499"]
[PlyCount "85"]
[GameId "2160767909382168"]
[EventDate "2013.01.10"]
[EventType "swiss"]
[EventRounds "7"]
[EventCountry "CAN"]

1. d4 e6 2. c4 d5 3. e3 Nf6 4. Nf3 Nc6 5. Bd3 Be7 6. O-O O-O 7. Nc3 Nb4 8. Be2 b6 9. a3 Na6 10. b4 c5 11. b5 cxd4 12. Nxd4 Nc5 13. Nc6 Qc7 14. Nxe7+ Qxe7 15. cxd5 Rd8 16. Bf3 Bb7 17. e4 exd5 18. exd5 Qe5 19. Bb2 Nxd5 20. Qc2 Qc7 21. Rad1 Nxc3 22. Qxc3 f6 23. Qc4+ Qf7 24. Qg4 Bxf3 25. Qxf3 Rac8 26. Rfe1 Rxd1 27. Rxd1 h6 28. h3 Kh8 29. Qf4 Qb3 30. Rd2 Qxb5 31. Bxf6 Ne6 32. Qxh6+ Kg8 33. Qg6 Qe8 34. Qg4 Kf7 35. Bb2 Qb5 36. Qd1 Kg8 37. Qg4 Kf7 38. Qf3+ Kg8 39. Qe4 Re8 40. Qe2 Qc6 41. Qg4 Kf7 42. Re2 a5 43. Qf5+ 1-0

[Event "Scarborough CC Jack Frost U1800"]
[Site "Toronto CAN"]
[Date "2013.01.31"]
[Round "4"]
[White "Armstrong, Robert J"]
[Black "Graham, John"]
[Result "1-0"]
[WhiteElo "1618"]
[BlackElo "1499"]
[PlyCount "32"]
[GameId "2160767909382169"]
[EventDate "2013.01.10"]
[EventType "swiss"]
[EventRounds "7"]
[EventCountry "CAN"]

1. d4 e6 2. c4 d5 3. e3 Nc6 4. Bd3 Be7 5. Nc3 Nb4 6. Be2 b6 7. a3 Na6 8. b4 c5 9. b5 cxd4 10. cxd5 Bb7 11. e4 exd5 12. exd5 Qc7 13. Bf3 Rc8 14. h3 Qf4 15. Qb3 Bf6 16. Bb2 Qg4 1-0

[Event "Scarborough CC Jack Frost U1800"]
[Site "Toronto CAN"]
[Date "2013.01.31"]
[Round "4"]
[White "Crnilovic, Grisha"]
[Black "Smith, Maurice"]
[Result "1-0"]
[WhiteElo "1489"]
[BlackElo "1424"]
[PlyCount "61"]
[GameId "2160767909382170"]
[EventDate "2013.01.10"]
[EventType "swiss"]
[EventRounds "7"]
[EventCountry "CAN"]

1. e4 d6 2. f4 c5 3. Nf3 Nc6 4. d4 cxd4 5. Nxd4 Nxd4 6. Qxd4 Qc7 7. Nc3 Bd7 8. Bc4 Rc8 9. Bb3 a6 10. Nd5 Qc5 11. Qxc5 dxc5 12. O-O e6 13. Nb6 Rd8 14. Nxd7 Rxd7 15. a4 Ne7 16. Be3 Nc6 17. f5 e5 18. c3 Be7 19. Rad1 Rd8 20. Rxd8+ Nxd8 21. Rd1 f6 22. Rd5 b6 23. a5 c4 24. Bxc4 b5 25. Ba2 Nc6 26. Bb6 b4 27. Bc4 bxc3 28. bxc3 Nb8 29. Bc7 Nd7 30. Bxa6 Bc5+ 31. Kf1 1-0

[Event "Scarborough CC Jack Frost U1800"]
[Site "Toronto CAN"]
[Date "2013.01.31"]
[Round "4"]
[White "Huang, Patrick"]
[Black "Liang, Phillip"]
[Result "1-0"]
[WhiteElo "1453"]
[BlackElo "1636"]
[PlyCount "109"]
[GameId "2160767909382171"]
[EventDate "2013.01.10"]
[EventType "swiss"]
[EventRounds "7"]
[EventCountry "CAN"]

1. e4 c5 2. d4 cxd4 3. c3 dxc3 4. Nxc3 Nc6 5. Nf3 e6 6. Bf4 a6 7. Be2 d6 8. O-O Nf6 9. Qc2 Be7 10. Rfd1 Qc7 11. Rac1 Ne5 12. Nxe5 dxe5 13. Qa4+ Kf8 14. Nd5 Qd7 15. Qxd7 Nxd7 16. Nc7 Rb8 17. Be3 b6 18. Nxa6 Bxa6 19. Bxa6 Nc5 20. Be2 f6 21. Bxc5 Bxc5 22. Rd7 Re8 23. Bb5 h5 24. b4 Bxb4 25. Rcc7 Be7 26. Rxe7 Rxe7 27. Rc8+ Kf7 28. Rxh8 Rc7 29. g3 Rc2 30. a4 f5 31. exf5 exf5 32. Rb8 Ke6 33. Rxb6+ Kd5 34. Kf1 Rc1+ 35. Ke2 Ra1 36. Rb8 Kc5 37. Rg8 Kd4 38. Rd8+ Kc5 39. Rd1 Ra2+ 40. Rd2 Ra1 41. Kd3 g5 42. Rc2+ Kb4 43. Rc4+ Ka5 44. Rc5 Re1 45. Kd2 Ra1 46. Rxe5 Ra2+ 47. Ke1 Ra1+ 48. Ke2 Ra2+ 49. Kf1 Rd2 50. Rxf5 Rd6 51. Rxg5 Rh6 52. Be8+ Kb4 53. Rxh5 Rxh5 54. Bxh5 Kxa4 55. f4 1-0

[Event "Scarborough CC Jack Frost U1800"]
[Site "Toronto CAN"]
[Date "2013.02.07"]
[Round "5"]
[White "Kaneshalingam, Mathanhe"]
[Black "Pishdad, Hassan"]
[Result "1/2-1/2"]
[WhiteElo "1508"]
[BlackElo "1328"]
[PlyCount "94"]
[GameId "2160767909382172"]
[EventDate "2013.01.10"]
[EventType "swiss"]
[EventRounds "7"]
[EventCountry "CAN"]

1. d4 Nf6 2. c4 e6 3. Nc3 d5 4. e3 Bb4 5. Nf3 O-O 6. Bd3 dxc4 7. Bxc4 b6 8. Bd3 Bb7 9. O-O Bxc3 10. bxc3 h6 11. Re1 Ne4 12. Qc2 Nf6 13. e4 Nbd7 14. Qe2 c5 15. e5 Nd5 16. Qe4 f5 17. exf6 Qxf6 18. Qxe6+ Qxe6 19. Rxe6 Nxc3 20. Bd2 Bxf3 21. Bxc3 Bd5 22. Rg6 c4 23. Bc2 Nf6 24. Bd2 Kh8 25. Re1 Bf7 26. Rg3 Bd5 27. h3 Rae8 28. Rxe8 Rxe8 29. Re3 Rxe3 30. Bxe3 g5 31. a3 a6 32. Kf1 Kg8 33. g3 b5 34. Ke1 Ne4 35. Bxe4 Bxe4 36. Bd2 Kf7 37. f4 Kf6 38. Kf2 gxf4 39. Bxf4 h5 40. Bd2 Ke6 41. Ke3 Bg2 42. h4 Kf5 43. Kf2 Be4 44. Bc3 Kg4 45. Bd2 Kf5 46. Bb4 Ke6 47. Ke3 Kf5 1/2-1/2

[Event "Scarborough CC Jack Frost U1800"]
[Site "Toronto CAN"]
[Date "2013.02.07"]
[Round "5"]
[White "Maister, Martin"]
[Black "Armstrong, Robert J"]
[Result "0-1"]
[WhiteElo "1639"]
[BlackElo "1618"]
[PlyCount "100"]
[GameId "2160767909382173"]
[EventDate "2013.01.10"]
[EventType "swiss"]
[EventRounds "7"]
[EventCountry "CAN"]

1. c4 f5 2. g3 e6 3. Bg2 Nf6 4. Nf3 c5 5. O-O Be7 6. Nc3 O-O 7. d4 cxd4 8. Nxd4 Nc6 9. Nxc6 bxc6 10. b3 Bb7 11. Bb2 Qe8 12. Qc2 Qh5 13. e3 Rab8 14. Rad1 Rfd8 15. Ne2 Qh6 16. Be5 d6 17. Bb2 c5 18. Bc1 g5 19. f3 Qg6 20. Nc3 h5 21. Qe2 g4 22. fxg4 hxg4 23. Bxb7 Rxb7 24. Qg2 Rbd7 25. Bb2 d5 26. cxd5 Nxd5 27. Nxd5 Rxd5 28. Rxd5 Rxd5 29. Qc2 Bg5 30. Qc3 Qh6 31. Re1 Kf7 32. b4 Bf6 33. Qxf6+ Qxf6 34. Bxf6 Kxf6 35. bxc5 Rxc5 36. Re2 Ke5 37. Kf2 Ke4 38. Rb2 a5 39. Ke2 Rc1 40. a3 Rh1 41. Rb5 Rxh2+ 42. Kf1 Kxe3 43. Rxa5 Kf3 44. Kg1 Kxg3 45. Rb5 f4 46. Rg5 Ra2 47. Kf1 f3 48. Ke1 f2+ 49. Kf1 Ra1+ 50. Ke2 f1=Q+ 0-1

[Event "Scarborough CC Jack Frost U1800"]
[Site "Toronto CAN"]
[Date "2013.02.07"]
[Round "5"]
[White "Michelashvili, Andrei"]
[Black "Pantazi, Emanuel"]
[Result "0-1"]
[WhiteElo "1646"]
[BlackElo "1441"]
[PlyCount "70"]
[GameId "2160767909382174"]
[EventDate "2013.01.10"]
[EventType "swiss"]
[EventRounds "7"]
[EventCountry "CAN"]

1. e4 d6 2. d4 Nf6 3. Bd3 g6 4. Nf3 Bg7 5. O-O O-O 6. h3 c6 7. Be3 Nbd7 8. Nc3 b5 9. a3 Bb7 10. Re1 e5 11. dxe5 Nxe5 12. Nxe5 dxe5 13. Bc5 Re8 14. a4 Nd7 15. Ba3 a6 16. Be2 Nf6 17. Qxd8 Raxd8 18. Rad1 Bf8 19. Bxf8 Kxf8 20. f3 b4 21. Nb1 Nd7 22. Nd2 Nc5 23. b3 Ne6 24. Nc4 Nd4 25. Bd3 f6 26. Kf2 c5 27. Ne3 Re7 28. Nc4 Red7 29. Ne3 Nxb3 30. Bxa6 Bxa6 31. cxb3 Rd2+ 32. Kg3 R2d3 33. Rb1 Bb7 34. Red1 Bxe4 35. Re1 Rxe3 0-1

[Event "Scarborough CC Spring/Summer"]
[Site "Toronto CAN"]
[Date "2013.05.23"]
[Round "1"]
[White "Armstrong, Robert J"]
[Black "Feng, Richard"]
[Result "1/2-1/2"]
[WhiteElo "1587"]
[BlackElo "1400"]
[PlyCount "93"]
[GameId "2160767909347769"]
[EventDate "2013.05.23"]
[EventType "swiss"]
[EventRounds "6"]
[EventCountry "CAN"]

1. g3 Nf6 2. Bg2 d5 3. c4 c6 4. Qb3 a5 5. cxd5 cxd5 6. Nc3 e6 7. d4 Nc6 8. Qb5 Bd7 9. Qd3 g6 10. Bg5 Nb4 11. Qd1 Bg7 12. a3 Nc6 13. e4 Qb6 14. Bxf6 Bxf6 15. exd5 Nxd4 16. Rb1 O-O 17. Nf3 Nxf3+ 18. Bxf3 exd5 19. Nxd5 Rae8+ 20. Ne3 Bd4 21. O-O Bxe3 22. Qxd7 Rd8 23. Qxb7 Bc5 24. Qxb6 Bxb6 25. b4 Rd3 26. bxa5 Bxa5 27. Rb5 Rxa3 28. Bd5 Rd8 29. Rd1 Bc7 30. Rb7 Rd7 31. Bf3 Rxd1+ 32. Bxd1 Bd6 33. Bb3 Bc5 34. Bxf7+ Kf8 35. Bd5 Ra1+ 36. Kg2 Rd1 37. Bc4 Rc1 38. Bb3 Rb1 39. Rf7+ Ke8 40. Rf3 Rb2 41. Bf7+ Ke7 42. Bg8 h6 43. h4 Bd4 44. Bh7 g5 45. hxg5 hxg5 46. g4 Bf6 47. Bf5 1/2-1/2

[Event "Scarborough CC Spring/Summer U1400"]
[Site "Toronto CAN"]
[Date "2013.05.23"]
[Round "1"]
[White "Pishdad, Hassan"]
[Black "Sian Li, Edward"]
[Result "1-0"]
[WhiteElo "1275"]
[BlackElo "1012"]
[PlyCount "55"]
[GameId "2160767909347772"]
[EventDate "2013.05.23"]
[EventType "swiss"]
[EventRounds "6"]
[EventCountry "CAN"]

1. d4 Nf6 2. c4 e6 3. Nc3 Bb4 4. a3 Bxc3+ 5. bxc3 b6 6. Bg5 h6 7. Bh4 Bb7 8. f3 d6 9. e4 O-O 10. Bd3 Nbd7 11. Nh3 Re8 12. O-O e5 13. Kh1 Rc8 14. Ng1 c5 15. d5 Rc7 16. a4 a5 17. Rb1 Rc8 18. Ne2 Rb8 19. Bf2 Ba6 20. Ng3 Qc7 21. Nf5 Nh5 22. Be3 Nf4 23. Bxf4 exf4 24. Qd2 Ne5 25. Qe2 Qd7 26. Rb2 Nxc4 27. Bxc4 Bc8 28. Bb5 1-0

[Event "Scarborough CC Spring/Summer U1400"]
[Site "Toronto CAN"]
[Date "2013.05.30"]
[Round "2"]
[White "Pokusaev, Dmitry"]
[Black "Pishdad, Hassan"]
[Result "0-1"]
[WhiteElo "854"]
[BlackElo "1200"]
[PlyCount "70"]
[GameId "2160767909347773"]
[EventDate "2013.05.23"]
[EventType "swiss"]
[EventRounds "6"]
[EventCountry "CAN"]

1. e4 c5 2. Bc4 e6 3. Nf3 d5 4. Bb5+ Bd7 5. Nc3 d4 6. Bxd7+ Qxd7 7. Ne5 Qd6 8. Qh5 g6 9. Qg5 Bh6 10. Qg3 dxc3 11. dxc3 Bxc1 12. Rxc1 f6 13. Rd1 Qxe5 14. Qxe5 fxe5 15. O-O Nf6 16. Rd6 Ke7 17. Rfd1 Nxe4 18. Rd7+ Nxd7 19. Rf1 Rhd8 20. f3 Nd2 21. Re1 Kf6 22. f4 exf4 23. Re2 Nb6 24. Rf2 e5 25. g3 g5 26. gxf4 gxf4 27. b3 Rg8+ 28. Kh1 Ne4 29. Rf1 Rad8 30. a4 Rd2 31. a5 Rgg2 32. Rc1 Rxh2+ 33. Kg1 Nd5 34. Re1 Rdg2+ 35. Kf1 Ng3# 0-1